Statistics for Which Bordering Country... #2

Click here to take the quiz!

General Stats

  • This quiz has been taken 50 times
    (48 since last reset)
  • The average score is 18 of 20

Answer Stats

Bordering......Answer% Correct
BrazilHas the longest coastArgentina
100%
South AfricaHas the fewest bordersLesotho
98%
GermanyBorders RussiaPoland
98%
KenyaStarts with "T"Tanzania
98%
BrazilHas the most oilVenezuela
98%
PeruHas the Tallest MountainChile
95%
LibyaHas the most MuslimsEgypt
93%
TurkeyHas the most islandsGreece
93%
Saudi ArabiaIs the furthest northIraq
91%
KyrgyzstanHas the largest lakeKazakhstan
91%
ColombiaBorders two oceansPanama
91%
RussiaIs the smallestEstonia
89%
Thailand`Is landlockedLaos
89%
FranceHas the most peopleBrazil
86%
ChadIs the most populousNigeria
86%
IndonesiaSpeaks the most languagesPapua New Guinea
86%
MaliStarts with "G"Guinea
84%
SerbiaIs the smallestKosovo
84%
IranHas the longest riverPakistan
75%
D.R.CongoIs the largestAngola
73%

Score Distribution

Percentile by Number Answered

Percent of People with Each Score

Your Score History

You have not taken this quiz since the last reset